书目信息 |
| 题名: |
高技术武器装备纵览
|
|
| 作者: | 陈云昌 编 | |
| 分册: | ||
| 出版信息: | 石家庄 河北科学技术出版社 1993.11 |
|
| 页数: | 189页 | |
| 开本: | 19cm | |
| 丛书名: | 高技术与局部战争丛书 | |
| 单 册: | ||
| 中图分类: | E92 | |
| 科图分类: | ||
| 主题词: | 武器--军事技术 , 军用器材--军事技术 | |
| 电子资源: | ||
| ISBN: | 7-5375-1178-0 | |
| 000 | 00679nam0 2200229 45 | |
| 001 | 0404241279 | |
| 005 | 20040424125751.2 | |
| 010 | @a7-5375-1178-0@dCNY4.50 | |
| 100 | @a20040424d1993 km y0chiy0120 ea | |
| 101 | 0 | @achi |
| 105 | @a z 000yy | |
| 200 | 1 | @a高技术武器装备纵览@AGao Ji Shu Wu Qi Zhuang Bei Zong Lan@f陈云昌等编@FChen Yun Chang Deng Bian |
| 210 | @a石家庄@c河北科学技术出版社@d1993.11 | |
| 215 | @a189页@d19cm | |
| 225 | @a高技术与局部战争丛书 | |
| 410 | @12001 @a高技术与局部战争丛书 | |
| 606 | 0 | @a武器@x军事技术 |
| 606 | 0 | @a军用器材@x军事技术 |
| 690 | @aE92@v3 | |
| 701 | 0 | @a陈云昌@4编 |
| 801 | @aCN@bTSTCL@c20040424 | |
| 905 | @f1@b266727@dE92@e10 | |
| 高技术武器装备纵览/陈云昌等编.-石家庄:河北科学技术出版社,1993.11 |
| 189页;19cm.-(高技术与局部战争丛书) |
| ISBN 7-5375-1178-0:CNY4.50 |
| ● |
| 相关链接 |
|
|
|
|
正题名:高技术武器装备纵览
索取号:E92/10
 
预约/预借
| 序号 | 登录号 | 条形码 | 馆藏地/架位号 | 状态 | 备注 |
| 1 | 0266725 | 001264795 | 第一样本阅览室/ [索取号:E92/10] | 在馆 | |
| 2 | 0266726 | 001264802 | 第一借阅区/ [索取号:E92/10] | 在馆 | |
| 3 | 0266727 | 001585751 | 第一借阅区/ [索取号:E92/10] | 在馆 | |
| 4 | 0266728 | 001263867 | 第一借阅区/ [索取号:E92/10] | 在馆 | |
| 5 | 0266729 | 001263858 | 第一借阅区/ [索取号:E92/10] | 在馆 |